| 000 | 00659nam a2200205Ii 4500 | ||
|---|---|---|---|
| 003 | JO-AjNU | ||
| 008 | 230605s9999||||xx |||||||||||||| ||und|| | ||
| 040 |
_aJO-AjNU _bara _erda _cJO-AjNU |
||
| 041 | _aara | ||
| 050 | 1 | 4 | _aTX545 1989 |
| 100 | 3 |
_aشادي، توفيق سعد محمد , _eauthor _910556 |
|
| 245 | 0 | 0 | _aالاغذية الميكروبية كبدائل للاغذية |
| 250 | _aط1 | ||
| 264 | 3 | 1 | _aالمنصورة:مكتبة الايمان، 1989 |
| 300 | _a76ص | ||
| 336 |
_atext _btxt _2rdacontent |
||
| 337 |
_aunmediated _bn _2rdamedia |
||
| 338 |
_avolume _bnc _2rdacarrier |
||
| 650 | 4 |
_aالاغذية الميكروبية _910557 |
|
| 999 |
_aA1865 _c5433 _d5433 |
||